• 首页
  • 本馆介绍
  • 公告通知
  • 最新文献
  • 馆藏检索
  • 电子资源
  • 读者导购
  • 参考咨询
  • 我的图书馆
  • 登录
  • 详细信息显示
  • 放入我的书架
  • 预约/预借图书
  • 作者相关作品
  • 分类相关作品
  • 丛书相关作品
  • 出版社相关作品

书目信息

  • 表格格式
  • 工作单格式
  • 卡片格式
题名:
图说柑橘病虫害及农药减施增效防控技术
    
 
作者: 全金成 , 江一红 , 陈贵峰 编著
分册:  
出版信息: 北京   中国农业出版社  2019.01
页数: 191页
开本: 21cm
丛书名: 柑橘提质增效生产丛书
单 册:
中图分类: S436.66-64
科图分类:
主题词: 柑桔类--gan ju lei--病虫害防治--图解
电子资源:
ISBN: 978-7-109-24978-3
000 01164nam 2200277 450
001 0106081833
005 20201106082045.0
010    @a978-7-109-24978-3@dCNY49.80
100    @a20190508d2019 em y0chiy50 ea
101 0  @achi
102    @aCN@b110000
105    @aa z 000yy
106    @ar
200 1  @a图说柑橘病虫害及农药减施增效防控技术@Atu shuo gan ju bing chong hai ji nong yao jian shi zeng xiao fang kong ji shu@f全金成, 江一红, 陈贵峰编著
210    @a北京@c中国农业出版社@d2019.01
215    @a191页@d21cm
225 2  @a柑橘提质增效生产丛书@Agan ju ti zhi zeng xiao sheng chan cong shu
330    @a本书以图说的方式,介绍了柑橘黄龙病等36种病害的田间诊断症状、发生规律及防治方法,柑橘木虱等32种害虫的形态特征、发生规律及防治方法,近470幅病虫害原色图片,便于在田间识别和判断,并介绍了柑橘常见病虫害农药减施增效防治技术。
461  0 @12001 @a柑橘提质增效生产丛书
606 0  @a柑桔类@Agan ju lei@x病虫害防治@j图解
690    @aS436.66-64@v5
701  0 @a全金成@Aquan jin cheng@4编著
701  0 @a江一红@Ajiang yi hong@4编著
701  0 @a陈贵峰@Achen gui feng@4编著
801  0 @aCN@bBJSZM@c20201106
905    @b1192672-5@dS436.66-64@e187@f4
    
    图说柑橘病虫害及农药减施增效防控技术/全金成, 江一红, 陈贵峰编著.-北京:中国农业出版社,2019.01
    191页;21cm.-(柑橘提质增效生产丛书)
    
    
    ISBN 978-7-109-24978-3:CNY49.80
    本书以图说的方式,介绍了柑橘黄龙病等36种病害的田间诊断症状、发生规律及防治方法,柑橘木虱等32种害虫的形态特征、发生规律及防治方法,近470幅病虫害原色图片,便于在田间识别和判断,并介绍了柑橘常见病虫害农药减施增效防治技术。
●
相关链接 在E读中查询图书 在五车中查询图书 在当当中查询图书 在豆瓣中查询图书


正题名:图说柑橘病虫害及农药减施增效防控技术     索取号:S436.66-64/187         预约/预借

序号 登录号 条形码 馆藏地/架位号 状态 备注
1 1192672   211926727   第二样本阅览室/ [索取号:S436.66-64/187] 在馆    
2 1192673   211926736   第三借阅区/ [索取号:S436.66-64/187] 在馆    
3 1192674   211926745   第三借阅区/ [索取号:S436.66-64/187] 在馆    
4 1192675   211926754   第三借阅区/ [索取号:S436.66-64/187] 在馆    
唐山师范学院图书馆 欢迎您!
大连网信软件有限公司© 版权所有